[Event "Herlev op"]
[Site "Herlev"]
[Date "1997.??.??"]
[Round "1"]
[White "Rugholm, Lars"]
[Black "Hartvig, Ove Weiss"]
[Result "0-1"]
[WhiteElo "2000"]
[BlackElo "2290"]
[PlyCount "58"]
[EventDate "1997.??.??"]
[EventType "swiss"]
[EventRounds "9"]
[EventCountry "DEN"]
[SourceTitle "EXT 1999"]
[Source "ChessBase"]
[SourceDate "1998.11.16"]
[SourceVersion "1"]
[SourceVersionDate "1998.11.16"]
[SourceQuality "1"]

1. e4 c6 2. d4 d5 3. exd5 cxd5 4. Bd3 Nc6 5. c3 g6 6. Nf3 Nh6 7. Bf4 Qb6 8. Qb3 Qxb3 9. axb3 Bf5 10. Bb5 f6 11. c4 Kf7 12. Bxc6 bxc6 13. Nc3 g5 14. Bc7 Bc2 15. cxd5 cxd5 16. Nxd5 e6 17. Nc3 Bb4 18. Nd2 Nf5 19. Ra4 a5 20. Bb6 Rhb8 21. Bc5 e5 22. 0-0 exd4 23. Bxb4 axb4 24. Rxa8 Rxa8 25. Nd5 Rb8 26. Rc1 d3 27. Kf1 Rb5 28. Ne3 Nxe3+ 29. fxe3 Ra5 0-1

[Event "Herlev op"]
[Site "Herlev"]
[Date "1997.??.??"]
[Round "6"]
[White "Rugholm, Lars"]
[Black "Lund, Silas"]
[Result "0-1"]
[WhiteElo "2030"]
[BlackElo "2120"]
[PlyCount "48"]
[EventDate "1997.??.??"]
[EventType "swiss"]
[EventRounds "9"]
[EventCountry "DEN"]
[SourceTitle "EXT 1999"]
[Source "ChessBase"]
[SourceDate "1998.11.16"]
[SourceVersion "1"]
[SourceVersionDate "1998.11.16"]
[SourceQuality "1"]

1. e4 e6 2. d4 d5 3. Nd2 Nf6 4. e5 Nfd7 5. Bd3 c5 6. c3 Nc6 7. Ne2 f6 8. Nf4 fxe5 9. Nxe6 Qe7 10. Qh5+ g6 11. Bxg6+ hxg6 12. Qxg6+ Qf7 13. Nc7+ Ke7 14. Qxf7+ Kxf7 15. Nxa8 Bd6 16. dxc5 Nxc5 17. 0-0 e4 18. g3 Bh3 19. Rd1 Bg4 20. f3 exf3 21. Nxf3 Bxf3 22. Rf1 Ne5 23. Bf4 Ncd3 24. Bxe5 Nxe5 0-1